000 00741 a2200181 4500
003 Nust
005 20221202114410.0
020 _a0156225662
040 _cNust
082 _a539,PAR
100 _aDavid, Park
_9103998
245 _aContemporary physics /
_cDavid, Park
260 _aNew York
_bHawcourt Bruce and world inc
_c1964
300 _aviii: 175
505 _aMathematical Philosophy (Page-1), The Atomic Picture of Nature (Page-19) Fields (Page-31), Gravity (Page-55), The Mossbauer Effect (Page-69), Elementary Particles (Page-79), Physics at High Energies (Page-99), Cooperative Phenomena (Page-131), Lasers (Page-151), Symmetry in Nature (Page-159).
650 _aContemporary physics
_9103999
942 _2ddc
_cBK
_k539,PAR
999 _c193608
_d193608